The end of the affair

Αποθηκεύτηκε σε:
Λεπτομέρειες βιβλιογραφικής εγγραφής
Κύριος συγγραφέας: Greene, Graham, 1904-1991
Μορφή: Βιβλίο
Γλώσσα:English
Δημοσίευση: London : Penguin Books, 1962.
Θέματα:
Ετικέτες: Προσθήκη ετικέτας
Δεν υπάρχουν, Καταχωρήστε ετικέτα πρώτοι!

MARC

LEADER 00000nam a2200000 a 4500
001 1/125667
008 221213s1962####enk| ||| |||| ||eng||
020 |a 0140184953  
040 |a GR-MyUa  |b gre  |c GR-MyUa  |e AACR2 
041 0 |a eng 
082 7 |a 823   |2 (23) 
100 1 |a Greene, Graham,   |d 1904-1991. 
245 1 4 |a The end of the affair /   |c Graham Greene.  
260 |a London :   |b Penguin Books,   |c 1962.  
300 |a 192 σ. ;   |c 20 εκ.  
650 0 |a English fiction  |y 20th century. 
765 0 8 |i Μετάφραση του:   |t Το τέλος μιας σχέσης / 
852 |a INST  |b LESVOS  |e 20221213  |h 823 GRE  |p 005100064074  |q 005100064074  |t BK  |y 0 
970 |a Καμάτσου  |b Δέσποινα  |z 13-12-2022